000 00510nam a22001937a 4500
003 koha_MIRAKIL
005 20250107105859.0
008 250107b |||||||| |||| 00| 0 ||| d
020 _a9789944694421
040 _aTR-IsEVY
_btur
_cTR-IsEVY
082 _aFIC LAC/G
100 _aLacey, Josh
245 0 _aGrk sosisli peşinde /
_cJosh Lacey.
250 _a2. bs.
260 _aİzmir :
_bTudem,
_c2013.
300 _a206 s. :
_c20 cm.
650 _aÇocuk edebiyatı.
_vÇocuk Romanı.
942 _2ddc
_cBK
999 _c21303
_d21303